Music Quiz

Random Music or Artist Quiz
Score 0/20 Timer 07:00
10 Plays Today
Question Answer Wrong Answers
Which B Artist is This? Britney Spears
98.4%
Beyoncé
0.4%
Barbra Streisand
0.5%
Björk
0.5%
Which A Artist is This? Aretha Franklin
97.7%
Amy Winehouse
1.2%
Adele
0.1%
Alicia Keys
0.9%
Which T Artist is This? Taylor Swift
97.3%
Tina Turner
0.2%
Toni Braxton
0.3%
Tracy Chapman
0.2%
Which D Artist is This? Dolly Parton
97%
Diana Ross
1.1%
Demi Lovato
0.2%
Donna Summer
1.3%
Which M Artist is This? Missy Elliott
96.6%
Madonna
0.5%
Miley Cyrus
0.4%
Mariah Carey
0.8%
Which L Artist is This? Lady Gaga
96%
Lauryn Hill
0.5%
Lorde
0.9%
Lil' Kim
0.9%
Which C Artist is This? Celine Dion
94.3%
Cher
1.6%
Carrie Underwood
2.8%
Carole King
1.1%
Which W Artist is This? Willow Smith
92.7%
Whitney Houston
0.7%
Wynonna Judd
2%
Wendy O. Williams
2.5%
Which K Artist is This? Kate Bush
89.8%
Katy Perry
1.7%
Kelly Clarkson
2.4%
Kesha
4.6%
Which S Artist is This? Sinéad O'Connor
88.9%
Sia
1.5%
Sheryl Crow
3.7%
Shania Twain
4%
Which N Artist is This? Nina Simone
80.4%
Nicki Minaj
0.6%
Norah Jones
13.6%
Nelly Furtado
3.6%
Which J Artist is This? Joan Jett
78.2%
Janis Joplin
8.2%
Joni Mitchell
6.7%
Janet Jackson
5.5%
Which R Artist is This? Reba McEntire
77.1%
Roberta Flack
7.4%
Rihanna
0.3%
Rosemary Clooney
13.3%
Which I Artist is This? Idina Menzel
75.2%
Iggy Azalea
6.5%
India.Arie
6.9%
Irene Cara
9.9%
Which P Artist is This? Patsy Cline
75.1%
Pink
0.2%
Pat Benatar
6.7%
Patti Smith
16.1%
Which H Artist is This? Halsey
72.4%
Hilary Duff
5.3%
Helen Reddy
4.4%
Hayley Williams
16.7%
Which F Artist is This? Foxy Brown
71.1%
Faith Hill
14.9%
Fiona Apple
9.6%
Fergie
3.4%
Which E Artist is This? Etta James
71%
Ella Fitzgerald
23.4%
Enya
1.5%
Erykah Badu
3.3%
Which G Artist is This? Gladys Knight
68.4%
Gwen Stefani
1.2%
Gloria Gaynor
21.8%
Gloria Estefan
7.5%
Which V Artist is This? Vicki Lawrence
62.7%
Vanessa Williams
5.8%
Vanessa Carlton
10.8%
Vera Lynn
18.6%

You're not logged in!

Compare scores with friends on all Sporcle quizzes.
OR
Log In

Sporcle TV

Today on Sporcle TV


Watch our educational content, quiz creation guides, and fun videos on Sporcle TV.

Show Comments

Extras

Top Quizzes Today


Score Distribution

Paid Content

Your Account Isn't Verified!

In order to create a playlist on Sporcle, you need to verify the email address you used during registration. Go to your Sporcle Settings to finish the process.

Report this User

Report this user for behavior that violates our Community Guidelines.

Details: